La ciudad contra Kowalszyk / (Registro nro. 8564)

Detalles MARC
000 -LIDER
fixed length control field 00734nam a22002657a 4500
001 - NÚMERO DE CONTROL
Identificador de número de control 097
003 - IDENTIFICACDOR DE NÚMERO DE CONTROL
control field DO-SdBNP
005 - DATE AND TIME OF LATEST TRANSACTION
control field 20180118144358.0
007 - CAMPOS FIJOS DE DESCRIPCIÓN FÍSICA
fixed length control field 097
008 - ELEMENTOS DE LONGITUD FIJA
fixed length control field 151005b19uu sp 00| 0 spa d
020 ## - ISBN
International Standard Book Number 8423313204
040 ## - FUENTE DE CATALOGACIÓN
Agencia que crea de manera original el registro BPMSU
Idioma de catalogación spa
Agencia que realiza la transcripción BPMSU
092 ## - LOCALLY ASSIGNED DEWEY DECIMAL CALL NUMBER
Número de clasificación XXXX
Número de ítem (Cutter) XXXX
100 1# - ASIENTO PRINCIPAL -- NOMBRE PERSONAL
Nombre personal Queen, Ellery
240 14 - TITULO UNIFORME
Título uniforme The glass village /
Idioma de una obra eng
245 13 - MENCIÓN DE TITULO
Título La ciudad contra Kowalszyk /
Mención de responsabilidad Ellery Queen ; traducción Miguel Giménez Sales.
260 ## - PUBLICACIÓN, DISTRIBUCIÓN, ETC. (PIE DE IMPRENTA)
Lugar de publicación, distribución, etc Barcelona :
Nombre del editor, distribuidor, etc. Ediciones Destino,
Fecha de publicación, distribución, etc [19--].
300 ## - DESCRIPCIÓN FÍSICA
Extensión 202 p. ;
Dimensiones 18 cm.
490 1# - MENCIÓN DE SERIES
Mención de serie El observador
Volume/sequential designation 72
700 12 - ASIENTO SECUNDARIO -- NOMBRE PERSONAL
Nombre personal Giménez Sales, Miguel
Mención de responsabilidad trad.
830 #0 - ASIENTO SECUNDARIO DE SERIE--TÍTULO UNIFORME
Título uniforme El observador
Número de la parte o sección de una obra 72
942 ## - ADDED ENTRY ELEMENTS (KOHA)
Source of classification or shelving scheme Dewey Decimal Classification
Koha item type Libros
945 ## - INFORMACIÓN DE PROCESAMIENTO LOCAL
Información de procesamiento local Inventariado, 2018 /LP
956 ## - LOCAL ELECTRONIC LOCATION AND ACCESS (OCLC)
Nombre de host Yngrid Lockward
Número de acceso 10
Existencias
Withdrawn status Lost status Source of classification or shelving scheme Damaged status Not for loan Collection code Home library Current library Date acquired Source of acquisition Total Checkouts Barcode Date last seen Price effective from Koha item type
    Dewey Decimal Classification     Colección General Biblioteca Pública Metropolitana Salomé Ureña Biblioteca Pública Metropolitana Salomé Ureña 11/05/2015 Donación   BPMET15110076 11/05/2015 11/05/2015 Libros